000 00331nam a2200109Ia 4500
008 200302s9999 xx 000 0 und d
100 _aMarco Frascari
245 _aEleven Exercises in the art of Architectural Drawing Slow Food for the Architect's Imagination
260 _bTaylor &Francis Group
260 _c2011
300 _a213 P.,
999 _c3244
_d3244